Concrete technology: Theory and practice (Record no. 314219)

MARC details
000 -LEADER
fixed length control field 00532nam a2200217 4500
005 - DATE & TIME
control field 20240219161028.0
008 - FIXED-LENGTH DATA ELEMENTS--GENERAL INFORMATION
fixed length control field 240219b |||||||| |||| 00| 0 eng d
020 ## - ISBN
International Standard Book Number 9789352533800
Price Rs. 750.00
040 ## - CATALOGING SOURCE
Original cataloging agency VIVEKANANDA LIBRARY
082 ## - DDC NUMBER
Classification number 620.136
Book Number S59C(8)
100 ## - MAIN ENTRY--PERSONAL NAME
Relator code Shetty, M S
245 ## - TITLE STATEMENT
Title Concrete technology: Theory and practice
250 ## - EDITION STATEMENT
Edition statement 8th
260 ## - PUBLICATION, DISTRIBUTION, ETC. (IMPRINT)
Place of publication, distribution, etc Noida
Name of publisher, distributor, etc S Chand
Date of publication, distribution, etc 2023
300 ## - PHYSICAL DESCRIPTION
Pages xxviii, 636
650 ## - Subject
Subject Engineering
650 ## - Subject
Subject Concrete Technology
700 ## - Added Entry Personal Name
Added Entry Personal Name Jain, A K
942 ## - ADDED ENTRY ELEMENTS (KOHA)
Koha item type Books
Holdings
Withdrawn status Lost status Source of classification or shelving scheme Damaged status Not for loan Location (home branch) Sublocation or collection (holding branch) Shelving location Date acquired Koha issues (times borrowed) Koha full call number Accession No. Koha date last seen Koha item type
    Dewey Decimal Classification     VIVEKANANDA LIBRARY VIVEKANANDA LIBRARY UIET Library 19/02/2024   620.136 S59C(8) 430227 19/02/2024 Books
    Dewey Decimal Classification     VIVEKANANDA LIBRARY VIVEKANANDA LIBRARY UIET Library 19/02/2024 1 620.136 S59C(8) 430228 18/02/2025 Books
    Dewey Decimal Classification     VIVEKANANDA LIBRARY VIVEKANANDA LIBRARY UIET Library 19/02/2024 1 620.136 S59C(8) 430229 07/05/2025 Books
    Dewey Decimal Classification     VIVEKANANDA LIBRARY VIVEKANANDA LIBRARY UIET Library 19/02/2024   620.136 S59C(8) 430230 19/02/2024 Books
    Dewey Decimal Classification     VIVEKANANDA LIBRARY VIVEKANANDA LIBRARY UIET Library 19/02/2024 2 620.136 S59C(8) 430231 04/06/2025 Books
© Designed and Maintained by Vivekananda Library, MDU Rohtak